[Event "World Rapid Championship"]
[Site "Moscow RUS"]
[Date "2019.12.27"]
[EventDate "2019.12.26"]
[Round "7.6"]
[Result "1/2-1/2"]
[White "Jan-Krzysztof Duda"]
[Black "Alexandr Predke"]
[WhiteElo "2758"]
[BlackElo "2676"]
[PlyCount "62"]

1. c4 e6 2. Nf3 Nf6 3. Nc3 d5 4. e3 Be7 5. b3 O-O 6. Bb2 c5 7. cxd5 exd5 8. d4
Nc6 9. Be2 Ne4 10. dxc5 Bf6 11. Nd4 Qa5 12. Rc1 Nxc5 13. Nxc6 bxc6 14. O-O Ne4
15. Qc2 Nxc3 16. Bxc3 Bxc3 17. Qxc3 Qxa2 18. Rc2 Qa3 19. Ra1 Qe7 20. Qxc6 Be6
21. Qc5 Qxc5 22. Rxc5 Rab8 23. Rb5 Rxb5 24. Bxb5 Rb8 25. Rxa7 g6 26. Ra5 d4 27.
exd4 Bxb3 28. f3 Rd8 29. Ra3 Bd1 30. Kf2 Rxd4 31. Rd3 1/2-1/2

[Event "World Rapid Championship"]
[Site "Moscow RUS"]
[Date "2019.12.27"]
[EventDate "2019.12.26"]
[Round "8.8"]
[Result "1/2-1/2"]
[White "Boris Grachev"]
[Black "Jan-Krzysztof Duda"]
[WhiteElo "2614"]
[BlackElo "2758"]
[PlyCount "52"]

1. Nf3 Nf6 2. c4 g6 3. Nc3 d5 4. cxd5 Nxd5 5. e4 Nxc3 6. bxc3 Bg7 7. d4 c5 8. h3
O-O 9. Be2 Nc6 10. Be3 Qa5 11. Bd2 e6 12. O-O Qc7 13. Be3 b6 14. dxc5 bxc5 15.
Bxc5 Rd8 16. Qa4 Ne5 17. Bd4 Nxf3+ 18. Bxf3 e5 19. Be3 Be6 20. Rfd1 Rxd1+ 21.
Rxd1 Qxc3 22. Rc1 Qb2 23. Rc2 Qb1+ 24. Rc1 Qb2 25. Rc2 Qb1+ 26. Rc1 1/2-1/2

[Event "World Rapid Championship"]
[Site "Moscow RUS"]
[Date "2019.12.27"]
[EventDate "2019.12.26"]
[Round "9.11"]
[Result "1-0"]
[White "Jan-Krzysztof Duda"]
[Black "Alexei Shirov"]
[WhiteElo "2758"]
[BlackElo "2684"]
[PlyCount "112"]

1. c4 c6 2. Nf3 d5 3. e3 Nf6 4. Nc3 Nbd7 5. Qc2 e5 6. cxd5 Nxd5 7. Bc4 Nb4 8.
Qe4 Bd6 9. O-O O-O 10. d4 Re8 11. a3 Nf6 12. Qh4 exd4 13. exd4 Nbd5 14. Bd3 h6
15. Bd2 Nxc3 16. bxc3 Bg4 17. a4 Bxf3 18. gxf3 Nd5 19. Qg4 Qf6 20. Rab1 Bf4 21.
c4 Bxd2 22. cxd5 Rad8 23. dxc6 Rxd4 24. Be4 bxc6 25. Rb7 Rxa4 26. Bh7+ Kxh7 27.
Qxa4 Qxf3 28. Qc2+ f5 29. Qxd2 Re6 30. Rc1 Rg6+ 31. Kf1 Qh1+ 32. Ke2 Re6+ 33.
Kd3 Rd6+ 34. Kc3 Qf3+ 35. Qe3 Qd5 36. Rg1 Qa5+ 37. Kb3 Qd5+ 38. Kb2 Rd7 39. Rxd7
Qxd7 40. Ra1 c5 41. Qxc5 Qd2+ 42. Kb3 Qd3+ 43. Kb4 Qd2+ 44. Ka4 Qf4+ 45. Ka5
Qd2+ 46. Ka6 Qd3+ 47. Kxa7 Qd7+ 48. Ka6 Qd3+ 49. Ka5 Qd2+ 50. Ka4 Qf4+ 51. Ka3
Qf3+ 52. Qe3 Qa8+ 53. Kb2 Qb8+ 54. Kc2 Qxh2 55. Ra5 Qc7+ 56. Qc5 1-0

[Event "World Rapid Championship"]
[Site "Moscow RUS"]
[Date "2019.12.27"]
[EventDate "2019.12.26"]
[Round "10.5"]
[Result "1-0"]
[White "Jan-Krzysztof Duda"]
[Black "Pavel Ponkratov"]
[WhiteElo "2758"]
[BlackElo "2632"]
[PlyCount "94"]

1. c4 Nf6 2. Nc3 e6 3. e4 c5 4. g3 d5 5. cxd5 exd5 6. e5 Ng4 7. f4 Nc6 8. Nf3 d4
9. Ne4 Qd5 10. d3 Bf5 11. Nfg5 h6 12. Bg2 Qd7 13. Nf3 c4 14. Nh4 Bb4+ 15. Kf1
Be6 16. a3 Be7 17. h3 Ne3+ 18. Bxe3 dxe3 19. dxc4 Qxd1+ 20. Rxd1 g5 21. Nf3
Bxc4+ 22. Kg1 gxf4 23. gxf4 e2 24. Nd6+ Kf8 25. Rd2 Ba6 26. Kf2 Rg8 27. b4 Bd8
28. Ne4 Bb6+ 29. Nc5 Bb5 30. Nh4 a5 31. Bxc6 Bxc6 32. Rc1 axb4 33. axb4 Bb5 34.
Nf5 Ra4 35. Rd6 Rxb4 36. Rxb6 Rxf4+ 37. Ke3 Rf1 38. Rxb5 Rxc1 39. Kxe2 Rg5 40.
Nd7+ Ke8 41. Nf6+ Kd8 42. Nxh6 Rc7 43. Rd5+ Kc8 44. Kf3 Rc3+ 45. Kf4 Rg1 46.
Nxf7 Rxh3 47. Rc5+ 1-0

[Event "World Rapid Championship"]
[Site "Moscow RUS"]
[Date "2019.12.28"]
[EventDate "2019.12.26"]
[Round "12.7"]
[Result "1/2-1/2"]
[White "Jan-Krzysztof Duda"]
[Black "Peter Svidler"]
[WhiteElo "2758"]
[BlackElo "2723"]
[PlyCount "46"]

1. c4 g6 2. Nc3 c5 3. g3 Bg7 4. Bg2 Nc6 5. Nf3 d6 6. O-O Bf5 7. d3 Qd7 8. Re1
Nf6 9. a3 O-O 10. Rb1 Bh3 11. Bh1 a5 12. Bd2 h6 13. Nd5 Nxd5 14. cxd5 Nd4 15.
Nxd4 cxd4 16. Qb3 a4 17. Qb6 Rfc8 18. Rbc1 Rxc1 19. Rxc1 Rc8 20. Qa5 Rxc1+ 21.
Bxc1 Qc8 22. Qd2 b5 23. Qd1 Qc7 1/2-1/2

[Event "World Rapid Championship"]
[Site "Moscow RUS"]
[Date "2019.12.28"]
[EventDate "2019.12.26"]
[Round "14.9"]
[Result "1-0"]
[White "Jan-Krzysztof Duda"]
[Black "Gadir Guseinov"]
[WhiteElo "2758"]
[BlackElo "2666"]
[PlyCount "64"]

1. c4 g6 2. d4 Bg7 3. e4 d6 4. Nc3 Nf6 5. f3 O-O 6. Be3 Nc6 7. Nge2 a6 8. Qd2
Bd7 9. g4 b5 10. h4 h5 11. g5 Ne8 12. cxb5 Na5 13. bxa6 Nc4 14. Qc1 Nxe3 15.
Qxe3 c6 16. f4 Qb6 17. O-O-O Nc7 18. Bh3 Bxh3 19. Rxh3 Nxa6 20. f5 Rfb8 21. Rd2
c5 22. Nd5 Qd8 23. a3 Nc7 24. dxc5 Nxd5 25. exd5 gxf5 26. g6 Qa5 27. Qxe7 Qxc5+
28. Rc3 Qa7 29. gxf7+ Kh7 30. Rc7 Rc8 31. f8=N+ Kh8 32. Qxg7# 1-0

[Event "World Rapid Championship"]
[Site "Moscow RUS"]
[Date "2019.12.28"]
[EventDate "2019.12.26"]
[Round "15"]
[Result "1/2-1/2"]
[White "Dominguez Perez, Leinier"]
[Black "Jan-Krzysztof Duda"]
[WhiteElo "2755"]
[BlackElo "2751"]
[PlyCount "34"]

1. e4 c5 2. Nf3 g6 3. d4 cxd4 4. Nxd4 Nc6 5. c4 Nf6 6. Nc3 Nxd4 7. Qxd4 d6
8. f3 Bg7 9. Be3 O-O 10. Qd2 Qa5 11. Rc1 Be6 12. b3 Rfc8 13. Be2 a6 14. Na4
Qxd2+ 15. Kxd2 Nd7 16. g4 Rcb8 17. Nc3 1/2-1/2

[Event "Prague Chess Festival (Masters)"]
[Site "Prague CZE"]
[Date "2020.02.13"]
[EventDate "2020.02.12"]
[Round "2"]
[Result "1/2-1/2"]
[White "Pentala Harikrishna"]
[Black "Jan-Krzysztof Duda"]
[WhiteElo "2713"]
[BlackElo "2755"]
[PlyCount "61"]

1. d4 Nf6 2. c4 e6 3. g3 Bb4+ 4. Nd2 c5 5. dxc5 Bxc5 6. Bg2
Nc6 7. Ngf3 b6 8. O-O Bb7 9. b3 O-O 10. Bb2 d5 11. cxd5 Nxd5
12. Ne4 Be7 13. Nd4 Rc8 14. Rc1 Qd7 15. Nxc6 Bxc6 16. Nc3 Nxc3
17. Rxc3 Qxd1 18. Rxd1 Bb5 19. Bf3 Rxc3 20. Bxc3 Rc8 21. Bd2
Rd8 22. Kf1 Bb4 23. Ke1 Rxd2 24. Rxd2 Kf8 25. a3 Bc3 26. Kd1
Bxd2 27. Kxd2 Ke7 28. e3 Kd6 29. Be4 h6 30. Kc3 f6 31. f4
1/2-1/2

[Event "Prague Chess Festival (Masters)"]
[Site "Prague CZE"]
[Date "2020.02.14"]
[EventDate "2020.02.11"]
[Round "3"]
[Result "1/2-1/2"]
[White "Jan-Krzysztof Duda"]
[Black "Samuel Shankland"]
[WhiteElo "2755"]
[BlackElo "2683"]
[PlyCount "83"]

1. e4 c5 2. Nf3 d6 3. d4 cxd4 4. Nxd4 Nf6 5. Nc3 a6 6. h3 e5
7. Nde2 h5 8. Bg5 Be6 9. Bxf6 Qxf6 10. Nd5 Qd8 11. Qd3 Nd7
12. O-O-O g6 13. Kb1 Nc5 14. Qa3 Bg7 15. h4 Rb8 16. Nec3 O-O
17. f3 f5 18. Ne3 b5 19. b4 Bh6 20. Ned5 fxe4 21. bxc5 b4
22. Nxb4 a5 23. Rxd6 axb4 24. Qa6 bxc3+ 25. Ka1 Qxd6 26. Qxd6
Bf7 27. Be2 Rb2 28. Qa6 Rxa2+ 29. Qxa2 Bxa2 30. Kxa2 Rc8
31. fxe4 Rxc5 32. Kb3 Kg7 33. Rh3 Bd2 34. g4 hxg4 35. Bxg4
Rb5+ 36. Kc4 Rb2 37. Bd1 Rb1 38. Rh1 Kh6 39. Kd5 Bf4 40. Kc4
Bd2 41. Kd5 Bf4 42. Kc4 1/2-1/2

[Event "Prague Chess Festival (Masters)"]
[Site "Prague CZE"]
[Date "2020.02.15"]
[EventDate "2020.02.12"]
[Round "4.4"]
[Result "1/2-1/2"]
[White "David Anton Guijarro"]
[Black "Jan-Krzysztof Duda"]
[WhiteElo "2697"]
[BlackElo "2755"]
[PlyCount "60"]

1. Nf3 Nf6 2. c4 g6 3. Nc3 d5 4. cxd5 Nxd5 5. h4 Bg7 6. e4
Nxc3 7. dxc3 Qxd1+ 8. Kxd1 Bg4 9. Kc2 Nd7 10. Nd4 e5 11. Nb5
Kd8 12. f3 Be6 13. h5 a6 14. Na3 b5 15. Nb1 c6 16. Be3 Kc7
17. a4 Rhb8 18. Nd2 Bf8 19. Nb3 Nb6 20. axb5 axb5 21. Rxa8
Rxa8 22. hxg6 hxg6 23. Rh8 Rd8 24. Nc1 Be7 25. Rxd8 Bxd8
26. Nd3 Nd7 27. Nc5 Nxc5 28. Bxc5 Kd7 29. b4 Bh4 30. Bd3 Bg3
1/2-1/2

[Event "Prague Chess Festival (Masters)"]
[Site "Prague CZE"]
[Date "2020.02.16"]
[EventDate "2020.02.12"]
[Round "5.4"]
[Result "1/2-1/2"]
[White "Jan-Krzysztof Duda"]
[Black "Markus Ragger"]
[WhiteElo "2755"]
[BlackElo "2670"]
[PlyCount "60"]

1. e4 e5 2. Nf3 Nc6 3. Bb5 a6 4. Bxc6 dxc6 5. Nc3 f6 6. d4
exd4 7. Qxd4 Qxd4 8. Nxd4 Bd7 9. Be3 O-O-O 10. O-O-O Ne7
11. h4 h5 12. Nde2 Ng6 13. f3 Bd6 14. Na4 Be6 15. Nc5 Bf7
16. Nd3 b6 17. b3 Ba3+ 18. Kb1 c5 19. Bc1 Bxc1 20. Kxc1 c4
21. Ndf4 Rxd1+ 22. Kxd1 cxb3 23. cxb3 Ne5 24. Kc2 Rd8 25. Rd1
Rxd1 26. Kxd1 Kd7 27. Kd2 Kd6 28. Nd4 g6 29. Kc3 c6 30. a3 a5
1/2-1/2

[Event "Prague Chess Festival (Masters)"]
[Site "Prague CZE"]
[Date "2020.02.18"]
[EventDate "2020.02.11"]
[Round "6"]
[Result "1/2-1/2"]
[White "Nils Grandelius"]
[Black "Jan-Krzysztof Duda"]
[WhiteElo "2659"]
[BlackElo "2755"]
[PlyCount "58"]

1. e4 c5 2. Nf3 d6 3. Bb5+ Nd7 4. d4 cxd4 5. Qxd4 a6 6. Bxd7+
Bxd7 7. Nc3 e5 8. Qd3 Rc8 9. O-O h6 10. Nd2 Qc7 11. Rd1 Nf6
12. Nf1 Bg4 13. Re1 Be6 14. Ne3 Be7 15. Rd1 O-O 16. a4 Bc4
17. Nxc4 Qxc4 18. a5 Qxd3 19. Rxd3 Rc4 20. f3 Rfc8 21. Kf1 Kf8
22. Bd2 Ne8 23. Nd5 Rxc2 24. Bc3 Bh4 25. Ne3 Rf2+ 26. Kg1 Re2
27. Kf1 Rf2+ 28. Kg1 Re2 29. Kf1 Rf2+ 1/2-1/2

[Event "Prague Chess Festival (Masters)"]
[Site "Prague CZE"]
[Date "2020.02.20"]
[EventDate "2020.02.12"]
[Round "8.4"]
[Result "1/2-1/2"]
[White "Nikita Vitiugov"]
[Black "Jan-Krzysztof Duda"]
[WhiteElo "2731"]
[BlackElo "2755"]
[PlyCount "136"]

1. d4 Nf6 2. Nf3 d5 3. Bf4 Bf5 4. c4 e6 5. Nc3 Bd6 6. Bxd6
Qxd6 7. e3 O-O 8. Qb3 b6 9. Rc1 c6 10. Be2 Nbd7 11. O-O h6
12. cxd5 exd5 13. Rfd1 b5 14. Bd3 Bxd3 15. Rxd3 Rfc8 16. Rd2
Nb6 17. Qd1 a5 18. Rdc2 a4 19. Nb1 Nc4 20. b3 axb3 21. axb3
Na5 22. Qd3 Ne4 23. Nbd2 Nxd2 24. Nxd2 Nb7 25. g3 Ra3 26. Qf5
Rc7 27. e4 dxe4 28. Nxe4 Qxd4 29. Rxc6 Rxc6 30. Rxc6 Rxb3
31. Rc7 Nd8 32. Rd7 Qa1+ 33. Kg2 Qa8 34. Kh3 Rb4 35. f3 Ra4
36. Re7 Qc6 37. Nd6 Qxd6 38. Re8+ Qf8 39. Rxf8+ Kxf8 40. Qc5+
Kg8 41. Qxb5 Rd4 42. Qe8+ Kh7 43. f4 g6 44. g4 Rd3+ 45. Kg2
Kg7 46. f5 gxf5 47. gxf5 Rd6 48. Qe7 Rd5 49. h4 Rxf5 50. Qxd8
Rf4 51. Qc8 Re4 52. Qc3+ Kg8 53. Qc8+ Kg7 54. Qc3+ Kg8
55. Qg3+ Kf8 56. Qd3 Rg4+ 57. Kf3 Rg6 58. h5 Rg5 59. Qh7 Rxh5
60. Kf4 Ke7 61. Qg7 Rg5 62. Qxh6 Rg6 63. Qh8 Rf6+ 64. Ke5 Re6+
65. Kf5 Rg6 66. Qb8 Rf6+ 67. Ke5 Re6+ 68. Kd5 Rg6 1/2-1/2

[Event "Prague Chess Festival (Masters)"]
[Site "Prague CZE"]
[Date "2020.02.21"]
[EventDate "2020.02.12"]
[Round "9.5"]
[Result "1-0"]
[White "Jan-Krzysztof Duda"]
[Black "Vidit Santosh Gujrathi"]
[WhiteElo "2755"]
[BlackElo "2721"]
[PlyCount "67"]

1. d4 Nf6 2. c4 e6 3. Nf3 d5 4. Nc3 Bb4 5. Qa4+ Nc6 6. e3 O-O
7. Qc2 Re8 8. Bd2 a6 9. a3 Bd6 10. O-O-O Bd7 11. c5 Bf8 12. e4
dxe4 13. Nxe4 Nxe4 14. Qxe4 Ne7 15. Bd3 g6 16. Ne5 Bc6 17. Qf4
Nf5 18. g4 Bh6 19. Nxc6 bxc6 20. Qe4 Bxd2+ 21. Rxd2 Ne7
22. Bc4 Nd5 23. h4 Qf6 24. h5 e5 25. Kb1 Rad8 26. Re2 Nf4
27. Re3 Nd5 28. hxg6 hxg6 29. Reh3 Kf8 30. Bxa6 Qxf2 31. Rf3
Qxd4 32. Qxg6 Nf4 33. Qf6 Qe4+ 34. Bd3 1-0

[Event "Pepe Cuenca Invitational"]
[Site "chess24.com INT"]
[Date "2020.04.13"]
[EventDate "2020.04.12"]
[Round "1.1"]
[Result "1/2-1/2"]
[White "Pentala Harikrishna"]
[Black "Jan-Krzysztof Duda"]
[WhiteElo "2719"]
[BlackElo "2753"]
[PlyCount "154"]

1. d4 Nf6 2. Nf3 e6 3. Bg5 d5 4. e3 Nbd7 5. Bd3 h6 6. Bh4 c5
7. c3 Bd6 8. Nbd2 Qc7 9. O-O b6 10. e4 dxe4 11. Nxe4 Nxe4
12. Bxe4 Bb7 13. Bxb7 Qxb7 14. Re1 g5 15. d5 O-O-O 16. dxe6
Nf8 17. e7 Bxe7 18. Qe2 Bd6 19. Bg3 Bxg3 20. hxg3 Ng6 21. a4
Qc6 22. a5 b5 23. Ne5 Nxe5 24. Qxe5 Kb7 25. a6+ Kb6 26. b4
Rhe8 27. bxc5+ Qxc5 28. Qxe8 Rxe8 29. Rxe8 Qxc3 30. Rb8+ Kc7
31. Rb7+ Kc6 32. Rb1 Qc5 33. Rxf7 Kb6 34. Rf6+ Ka5 35. Ra1+
Kb4 36. Rf7 Kb3 37. Rb7 Kc2 38. Ra2+ Kc3 39. Re2 b4 40. Re3+
Kc2 41. g4 Qd4 42. Re2+ Kc1 43. Re3 Qd1+ 44. Kh2 Qd6+ 45. g3
Qd4 46. Kg2 Qd5+ 47. Kh2 Qd4 48. Re2 Kd1 49. Re3 Kc2 50. Rc7+
Kb2 51. Rb7 Ka2 52. Kg1 Qd1+ 53. Kg2 Qd5+ 54. Kh2 Qd2 55. Rf3
Qd4 56. Rff7 b3 57. Rxa7 b2 58. Rab7 b1=Q 59. a7 Qa4 60. a8=Q
Qxa8 61. Ra7+ Kb2 62. Rxa8 Qe4 63. Rc8 Qd5 64. Rf6 Qd4 65. Rf5
Kb3 66. Rcf8 Qxg4 67. Rf3+ Kc4 68. Re3 Kd5 69. Rd8+ Kc4
70. Kg2 Qf5 71. Rf3 Qe4 72. g4 Qxg4+ 73. Rg3 Qe4+ 74. Kh2 Qh4+
75. Kg2 Qe4+ 76. Kh2 Qh4+ 77. Kg2 Qe4+ 1/2-1/2

[Event "Pepe Cuenca Invitational"]
[Site "chess24.com INT"]
[Date "2020.04.13"]
[EventDate "2020.04.12"]
[Round "1.2"]
[Result "0-1"]
[White "Jan-Krzysztof Duda"]
[Black "Pentala Harikrishna"]
[WhiteElo "2753"]
[BlackElo "2719"]
[PlyCount "84"]

1. e4 e5 2. Nf3 Nc6 3. Bc4 Bc5 4. c3 Nf6 5. d3 d6 6. O-O h6
7. Nbd2 a6 8. a4 O-O 9. Re1 Re8 10. Nf1 Ba7 11. b4 Be6
12. Bxe6 Rxe6 13. Qc2 Qd7 14. Rb1 Ne7 15. d4 exd4 16. Nxd4
Bxd4 17. cxd4 Qc6 18. Qxc6 Nxc6 19. d5 Nxd5 20. exd5 Rxe1
21. dxc6 bxc6 22. g3 a5 23. bxa5 Kh7 24. Kg2 d5 25. Ne3 Rxa5
26. Bd2 Rxb1 27. Bxa5 Ra1 28. Bxc7 d4 29. Nc4 Rxa4 30. Ne5 c5
31. Bb6 f6 32. Nf3 Rc4 33. Kf1 d3 34. Ke1 Rc2 35. h4 h5
36. Ba7 Re2+ 37. Kf1 c4 38. Bd4 Kg6 39. Bc3 Rc2 40. Ba5 Rc1+
41. Kg2 c3 42. Bb4 c2 0-1

[Event "Pepe Cuenca Invitational"]
[Site "chess24.com INT"]
[Date "2020.04.13"]
[EventDate "2020.04.12"]
[Round "1.3"]
[Result "1/2-1/2"]
[White "Pentala Harikrishna"]
[Black "Jan-Krzysztof Duda"]
[WhiteElo "2719"]
[BlackElo "2753"]
[PlyCount "108"]

1. Nf3 Nf6 2. d4 d5 3. Bf4 e6 4. e3 Bd6 5. Bxd6 cxd6 6. Nbd2
O-O 7. c4 dxc4 8. Bxc4 a6 9. O-O b5 10. Be2 Bb7 11. a4 bxa4
12. Qxa4 Nbd7 13. Qa5 Nd5 14. Qxd8 Rfxd8 15. Nc4 N7f6 16. Na5
Rab8 17. Nxb7 Rxb7 18. Rfb1 Rdb8 19. Bxa6 Rxb2 20. Bd3 g6
21. h3 Nc3 22. Rxb2 Rxb2 23. Rc1 Ne2+ 24. Bxe2 Rxe2 25. Re1
Ra2 26. Kf1 Ne4 27. Re2 Ra1+ 28. Re1 Ra5 29. g3 g5 30. Re2 h5
31. Rc2 Rf5 32. Kg2 g4 33. hxg4 hxg4 34. Nh2 Rg5 35. Nf1 Rf5
36. Nh2 Nf6 37. Rc6 Kg7 38. Rc4 d5 39. Rc2 Kg6 40. Rc8 Kg5
41. Rf8 Kg6 42. Rc8 Kg7 43. Rb8 Rg5 44. f4 gxf3+ 45. Nxf3 Rf5
46. Ne5 Ne4 47. Rb2 Rg5 48. g4 f6 49. Rb7+ Kf8 50. Rb8+ Ke7
51. Rb7+ Ke8 52. Rb8+ Ke7 53. Rb7+ Ke8 54. Rb8+ Ke7 1/2-1/2

[Event "Pepe Cuenca Invitational"]
[Site "chess24.com INT"]
[Date "2020.04.13"]
[EventDate "2020.04.12"]
[Round "1.4"]
[Result "1-0"]
[White "Jan-Krzysztof Duda"]
[Black "Pentala Harikrishna"]
[WhiteElo "2753"]
[BlackElo "2719"]
[PlyCount "89"]

1. e4 e5 2. Nf3 Nc6 3. Bc4 Bc5 4. d3 Nf6 5. c3 d6 6. O-O h6
7. Nbd2 a6 8. a4 O-O 9. Re1 Ba7 10. Nf1 Re8 11. b4 Be6
12. Bxe6 Rxe6 13. Rb1 d5 14. Qc2 b5 15. Ra1 Bb6 16. h3 Qe8
17. Be3 Bxe3 18. Nxe3 Rd8 19. axb5 axb5 20. Ra3 dxe4 21. dxe4
Ne7 22. Ra5 Qc6 23. Nf5 Ng6 24. g3 Kh7 25. Re3 Ree8 26. Qe2
Rb8 27. Nd2 Qe6 28. Rxb5 Nxe4 29. Rxb8 Rxb8 30. Nxg7 Kxg7
31. Rxe4 Qxh3 32. Rxe5 Nxe5 33. Qxe5+ Kg8 34. Ne4 Qe6 35. Qxc7
Re8 36. Nc5 Qd5 37. Kh2 Re1 38. Qc8+ Kh7 39. g4 Rh1+ 40. Kg3
Rg1+ 41. Kf4 Qg5+ 42. Kf3 Qd5+ 43. Ne4 h5 44. Kf4 Rxg4+
45. Qxg4 1-0

[Event "Pepe Cuenca Invitational"]
[Site "chess24.com INT"]
[Date "2020.04.13"]
[EventDate "2020.04.12"]
[Round "1.5"]
[Result "0-1"]
[White "Pentala Harikrishna"]
[Black "Jan-Krzysztof Duda"]
[WhiteElo "2719"]
[BlackElo "2753"]
[PlyCount "90"]

1. e4 c5 2. Nc3 e6 3. Nf3 Nc6 4. g3 Nf6 5. Bg2 d5 6. exd5 Nxd5
7. O-O Nxc3 8. dxc3 Qxd1 9. Rxd1 h6 10. Nd2 Bd7 11. Ne4 O-O-O
12. Be3 b6 13. Nd6+ Bxd6 14. Rxd6 Ne5 15. b3 Bb5 16. Rad1 Rxd6
17. Rxd6 g5 18. a4 Kc7 19. Rd2 Bc6 20. f4 Ng4 21. Re2 Nxe3
22. Rxe3 gxf4 23. gxf4 Rg8 24. Rg3 Rxg3 25. hxg3 Bxg2 26. Kxg2
Kd6 27. Kf3 Kd5 28. Ke3 c4 29. Kf3 h5 30. Ke3 a6 31. Kf3 b5
32. a5 f5 33. Ke3 e5 34. fxe5 Kxe5 35. Kf3 f4 36. gxf4+ Kf5
37. Kg3 Ke4 38. bxc4 bxc4 39. Kh4 Kxf4 40. Kxh5 Ke3 41. Kg5
Kd2 42. Kf5 Kxc2 43. Ke5 Kxc3 44. Kd5 Kb4 45. Kc6 Kxa5 0-1

[Event "Pepe Cuenca Invitational"]
[Site "chess24.com INT"]
[Date "2020.04.13"]
[EventDate "2020.04.12"]
[Round "1.6"]
[Result "1-0"]
[White "Jan-Krzysztof Duda"]
[Black "Pentala Harikrishna"]
[WhiteElo "2753"]
[BlackElo "2719"]
[PlyCount "43"]

1. d4 Nf6 2. Nf3 d5 3. Bg5 c5 4. e3 Nc6 5. c3 Qb6 6. Qc1 Bf5
7. Nbd2 e6 8. Be2 Be7 9. Nh4 Bg6 10. O-O Rc8 11. Nxg6 hxg6
12. Nf3 Bd6 13. dxc5 Qxc5 14. Bf4 Bxf4 15. exf4 O-O 16. Qd2
Rfd8 17. Bd3 b5 18. Rac1 a6 19. Qe2 Qb6 20. Bxg6 fxg6
21. Qxe6+ Kf8 22. Ne5 1-0

[Event "Pepe Cuenca Invitational"]
[Site "chess24.com INT"]
[Date "2020.04.13"]
[EventDate "2020.04.12"]
[Round "1.7"]
[Result "0-1"]
[White "Pentala Harikrishna"]
[Black "Jan-Krzysztof Duda"]
[WhiteElo "2719"]
[BlackElo "2753"]
[PlyCount "72"]

1. d4 Nf6 2. Bg5 Ne4 3. Bh4 c5 4. c3 cxd4 5. Qxd4 d5 6. e3 Nc6
7. Qd1 g5 8. Bg3 h5 9. f3 h4 10. Bf2 Nxf2 11. Kxf2 Qb6 12. Qb3
e5 13. Qxb6 axb6 14. Nd2 Bc5 15. Nb3 Ke7 16. Bd3 Be6 17. Ne2
f5 18. Bc2 f4 19. Nxc5 bxc5 20. exf4 gxf4 21. a3 Raf8 22. Rae1
Kd6 23. g3 fxg3+ 24. hxg3 Bg4 25. Rxh4 Rxh4 26. gxh4 Bxf3
27. Kg3 e4 28. Ng1 Rg8+ 29. Kf4 Rg4+ 30. Ke3 d4+ 31. cxd4
cxd4+ 32. Kd2 e3+ 33. Kc1 Bd5 34. h5 Ne5 35. h6 d3 36. h7 d2+
0-1

[Event "Pepe Cuenca Invitational"]
[Site "chess24.com INT"]
[Date "2020.04.13"]
[EventDate "2020.04.12"]
[Round "1.8"]
[Result "1-0"]
[White "Jan-Krzysztof Duda"]
[Black "Pentala Harikrishna"]
[WhiteElo "2753"]
[BlackElo "2719"]
[PlyCount "149"]

1. d4 d5 2. Nf3 Nf6 3. Bg5 c5 4. e3 Nc6 5. c3 Qb6 6. Qc1 Ne4
7. Bf4 Bf5 8. Nbd2 e6 9. Be2 Be7 10. h3 O-O 11. O-O Rac8
12. Nxe4 Bxe4 13. Qd2 Rfd8 14. Rfe1 h6 15. Ne5 Nxe5 16. Bxe5
Bd6 17. Bxd6 Qxd6 18. Bd3 Bxd3 19. Qxd3 e5 20. dxe5 Qxe5
21. Rad1 Rd6 22. Re2 Rcd8 23. Qb5 b6 24. Red2 h5 25. Qa4 a5
26. Rd3 Qg5 27. h4 Qe5 28. R1d2 g5 29. hxg5 Qxg5 30. Qd1 Qf5
31. a4 Qe4 32. Qxh5 Rg6 33. g3 d4 34. exd4 Rd5 35. Qf3 Qe1+
36. Kg2 Rh6 37. Rd1 Qe6 38. dxc5 Qh3+ 39. Kg1 Rdh5 40. cxb6
Kg7 41. Qg2 Qe6 42. b7 Qb6 43. Qf3 Qxb2 44. Rd8 Rh1+ 45. Qxh1
Rxh1+ 46. Kxh1 Qxb7+ 47. Kg1 Qc6 48. R8d4 Qxc3 49. Rg4+ Kf8
50. Rf4 Qc6 51. Rb1 Kg7 52. Rb3 Qc1+ 53. Kg2 Qc6+ 54. Rbf3 Kg8
55. Rg4+ Kf8 56. Rd4 Kg8 57. Rf4 f6 58. Rxf6 Qxa4 59. Rg6+ Kh7
60. Rg5 Qb4 61. Rf4 Qb7+ 62. Kh2 Kh6 63. Rg8 Kh7 64. Rg5 Kh6
65. Rxa5 Kg6 66. Rg4+ Kf6 67. Rh5 Qb2 68. Rf4+ Kg6 69. Rhh4
Qe2 70. Rhg4+ Kh5 71. Kg2 Qe6 72. Rh4+ Kg5 73. Rfg4+ Kf5
74. Re4 Qd5 75. Rh5+ 1-0

[Event "Pepe Cuenca Invitational"]
[Site "chess24.com INT"]
[Date "2020.04.13"]
[EventDate "2020.04.12"]
[Round "1.9"]
[Result "1/2-1/2"]
[White "Pentala Harikrishna"]
[Black "Jan-Krzysztof Duda"]
[WhiteElo "2719"]
[BlackElo "2753"]
[PlyCount "146"]

1. e4 c5 2. Nf3 e6 3. d4 cxd4 4. Nxd4 Nf6 5. Nc3 Nc6 6. Ndb5
Bc5 7. Bf4 O-O 8. Bc7 Qe7 9. Bd6 Bxd6 10. Qxd6 Qd8 11. Nc7 Rb8
12. O-O-O a6 13. N7d5 exd5 14. exd5 Ne8 15. Qg3 Qc7 16. dxc6
Qxg3 17. hxg3 dxc6 18. Bc4 Nf6 19. Rhe1 Re8 20. Rxe8+ Nxe8
21. Ne4 Kf8 22. Ng5 f6 23. Nxh7+ Ke7 24. Re1+ Kd8 25. Nf8 Nd6
26. Be6 Ke8 27. Ng6 Bxe6 28. Rxe6+ Kf7 29. Rxd6 Kxg6 30. Rd7
a5 31. Kd2 b6 32. Rd6 Rc8 33. Kc3 Kf5 34. Kd4 g5 35. a3 Rc7
36. f3 Kg6 37. g4 Kf7 38. Rd8 Ke6 39. Rb8 Rd7+ 40. Ke3 b5
41. b3 Rd1 42. Rc8 Kd7 43. Ra8 Re1+ 44. Kd3 Rd1+ 45. Kc3 Rg1
46. Rxa5 Rxg2 47. Ra7+ Kd6 48. Ra8 Kd7 49. Rf8 Ke7 50. Rc8 Kd7
51. Rf8 Ke7 52. Rh8 Rg3 53. a4 Rxf3+ 54. Kb4 Rf4+ 55. c4 bxc4
56. bxc4 Kd6 57. a5 Rf1 58. c5+ Kc7 59. Rh7+ Kb8 60. a6 Rb1+
61. Kc4 Rc1+ 62. Kd4 Rd1+ 63. Ke4 Rd5 64. Rf7 Rxc5 65. Rxf6
Ka7 66. Rf5 Rb5 67. Rf6 Kb6 68. a7 Ra5 69. Rf5 Ra4+ 70. Kf3
Ra3+ 71. Ke4 Ra4+ 72. Kf3 Ra3+ 73. Ke4 Ra4+ 1/2-1/2

[Event "Pepe Cuenca Invitational"]
[Site "chess24.com INT"]
[Date "2020.04.14"]
[EventDate "2020.04.12"]
[Round "2.1"]
[Result "0-1"]
[White "Vladislav Artemiev"]
[Black "Jan-Krzysztof Duda"]
[WhiteElo "2716"]
[BlackElo "2753"]
[PlyCount "68"]

1. c4 e5 2. Nc3 Nf6 3. Nf3 Nc6 4. d3 Bb4 5. Bd2 O-O 6. g3 d6
7. Bg2 h6 8. O-O Re8 9. a3 Bxc3 10. Bxc3 Bf5 11. e4 Bg4 12. h3
Bxf3 13. Bxf3 a5 14. b4 Nd7 15. Bg2 Nd4 16. Bxd4 exd4 17. Qd2
c6 18. f4 Qb6 19. Kh2 Ra7 20. Rab1 axb4 21. axb4 Rea8 22. Rb2
Ra3 23. c5 dxc5 24. bxc5 Qa6 25. Rf3 Nxc5 26. f5 Rxd3 27. Qf4
Rxf3 28. Qxf3 Qa3 29. Qe2 Qe3 30. Qc4 d3 31. Qb4 Ra1 32. h4
Re1 33. Ra2 Qg1+ 34. Kh3 Re2 0-1

[Event "Pepe Cuenca Invitational"]
[Site "chess24.com INT"]
[Date "2020.04.14"]
[EventDate "2020.04.12"]
[Round "2.2"]
[Result "0-1"]
[White "Jan-Krzysztof Duda"]
[Black "Vladislav Artemiev"]
[WhiteElo "2753"]
[BlackElo "2716"]
[PlyCount "64"]

1. e4 c6 2. d4 d5 3. Nc3 dxe4 4. Nxe4 Nf6 5. Nxf6+ exf6 6. c3
Bd6 7. Bd3 Be6 8. Ne2 Qc7 9. Qc2 Nd7 10. Be3 O-O-O 11. O-O-O
Rhe8 12. c4 c5 13. h3 cxd4 14. Nxd4 Bc5 15. Kb1 Ne5 16. Nb5
Qb6 17. Bxc5 Qxc5 18. Be4 Nxc4 19. Nxa7+ Kb8 20. Qc3 Kxa7
21. Ka1 Qe5 22. Qc2 Nxb2 23. f4 Qxf4 24. Qc5+ Kb8 25. Rxd8+
Rxd8 26. Qb6 Rd7 27. Bxb7 Qc7 28. Qxb2 Qxb7 29. Qf2 Qc6
30. Qg3+ Qd6 31. Rb1+ Kc8 32. Qxg7 Qe5+ 0-1

[Event "Pepe Cuenca Invitational"]
[Site "chess24.com INT"]
[Date "2020.04.14"]
[EventDate "2020.04.12"]
[Round "2.3"]
[Result "0-1"]
[White "Vladislav Artemiev"]
[Black "Jan-Krzysztof Duda"]
[WhiteElo "2716"]
[BlackElo "2753"]
[PlyCount "92"]

1. d4 Nf6 2. Nf3 d5 3. e3 e6 4. Bd3 Bd6 5. O-O O-O 6. Nbd2 c5
7. b3 b6 8. e4 Be7 9. exd5 Nxd5 10. c4 Nf6 11. Ne4 Bb7 12. Qc2
Nc6 13. Nxf6+ Bxf6 14. Bxh7+ Kh8 15. Be4 Nxd4 16. Nxd4 Bxe4
17. Qxe4 Qxd4 18. Qxd4 Bxd4 19. Rb1 e5 20. Re1 Rad8 21. Be3 f6
22. Kf1 g5 23. g4 Kg7 24. Kg2 Bxe3 25. Rxe3 Rd2 26. a3 Rfd8
27. b4 cxb4 28. Rxb4 Rc2 29. h3 Rdd2 30. Rf3 e4 31. Rf5 e3
32. Rb1 Rxc4 33. Re1 Rc3 34. Rf3 Rxa3 35. Rexe3 Rxe3 36. Rxe3
Kf7 37. Rc3 Rd7 38. f4 Rb7 39. h4 gxh4 40. Kh3 b5 41. Kxh4 b4
42. Rc1 b3 43. g5 a5 44. f5 b2 45. Rb1 a4 46. g6+ Kg7 0-1